Japán-Kelet-Európai kulturális fórum

Elmentve itt :
Bibliográfiai részletek
Szerző: MINAMIZUKA Shingo
Adatforrás:Meister
Forrásdokumentuma:Művelődés. -
4 sz., 1996, 2 p.
Nyelv:magyar
Kulcsszavak:művelődéstörténet
japánok
Japán
Kelet-Európa
LEADER 00424nab a2200157 i 4500
001 bibPRO00001193
008 060524s1996 xx hun
040 |a Sz1 
041 |a hun 
100 1 |a MINAMIZUKA Shingo 
245 1 0 |a Japán-Kelet-Európai kulturális fórum  |c MINAMIZUKA Shingo 
695 |a művelődéstörténet 
695 |a japánok 
695 |a Japán 
695 |a Kelet-Európa 
773 0 |t Művelődés. -  |g 4 sz., 1996, 2 p.